[Event "Titled Tuesday intern op 12th Mar Early"]
[Site "Chess.com INT"]
[Date "2024.03.12"]
[Round "7"]
[White "Korley, Kassa"]
[Black "Aalto, Patrik"]
[Result "1-0"]
[WhiteElo "2428"]
[BlackElo "2251"]
[PlyCount "105"]
[EventDate "2024.03.12"]
[EventType "swiss (blitz)"]
[EventRounds "11"]
[EventCountry "USA"]
[SourceTitle "CB12_2024"]
[SourceDate "2023.10.01"]
[SourceVersion "1"]
[SourceVersionDate "2023.10.01"]
[SourceQuality "1"]

1. d4 Nf6 2. c4 e6 3. Nf3 d5 4. Nc3 Bb4 5. e3 0-0 6. Bd2 c5 7. cxd5 Nxd5 8. Nxd5 Bxd2+ 9. Qxd2 Qxd5 10. dxc5 Qxc5 11. Rc1 Qe7 12. Be2 Nc6 13. 0-0 e5 14. Bb5 Bd7 15. Rfd1 Rfd8 16. Qd6 Qxd6 17. Rxd6 f6 18. Rcd1 Bg4 19. Bxc6 Rxd6 20. Rxd6 bxc6 21. Rxc6 Bxf3 22. gxf3 Rd8 23. b3 Rd7 24. h4 h5 25. Kg2 Kf7 26. Kg3 Rb7 27. Ra6 Ke7 28. f4 exf4+ 29. Kxf4 Kf7 30. e4 Ke7 31. f3 Kf7 32. Ra5 g6 33. e5 fxe5+ 34. Kxe5 Ke7 35. Kf4 Kf7 36. Kg5 Rd7 37. f4 Kg7 38. f5 gxf5 39. Rxf5 Rd6 40. Ra5 a6 41. Kxh5 Kf7 42. Kg5 Kg7 43. h5 Rc6 44. Rd5 Rc7 45. h6+ Kh7 46. Kh5 Rb7 47. Rg5 Rc7 48. b4 Rb7 49. a3 Rc7 50. Rg6 Ra7 51. Kg5 a5 52. b5 a4 53. Rg7+ 1-0

[Event "Titled Tuesday intern op 12th Mar Early"]
[Site "Chess.com INT"]
[Date "2024.03.12"]
[Round "9"]
[White "Mikhailovsky, Vladimir"]
[Black "Aalto, Patrik"]
[Result "1-0"]
[WhiteElo "2215"]
[BlackElo "2251"]
[PlyCount "85"]
[EventDate "2024.03.12"]
[EventType "swiss (blitz)"]
[EventRounds "11"]
[EventCountry "USA"]
[SourceTitle "CB12_2024"]
[SourceDate "2023.10.01"]
[SourceVersion "1"]
[SourceVersionDate "2023.10.01"]
[SourceQuality "1"]

1. e4 c5 2. Nf3 e6 3. g3 d5 4. exd5 exd5 5. Bg2 Qe7+ 6. Kf1 Nf6 7. d4 Nc6 8. Nc3 cxd4 9. Nxd4 Qc5 10. Be3 Qc4+ 11. Kg1 Be7 12. Nb3 0-0 13. Nxd5 Nxd5 14. Bxd5 Qb4 15. a3 Qd6 16. Qf3 Ne5 17. Qe4 Bf5 18. Qg2 Bh3 19. Qe4 Rad8 20. Rd1 Qf6 21. f4 Ng4 22. Bd4 Qd6 23. c4 Rfe8 24. Qf5 Bf6 25. Qh5 Re1+ 26. Rxe1 Bxd4+ 27. Nxd4 Nf6 28. Qxh3 Nxd5 29. cxd5 Qxd5 30. Rd1 Qe4 31. Qg2 Qe3+ 32. Qf2 Qe7 33. h3 Re8 34. Kh2 h6 35. Rhe1 Qf8 36. Rxe8 Qxe8 37. Nf3 Qe7 38. Qd2 Kh7 39. Qd3+ g6 40. Re1 Qc7 41. Qc3 Qd7 42. Ne5 Qe6 43. Ng4 1-0

[Event "Titled Tuesday intern op 12th Dec Early"]
[Site "Chess.com INT"]
[Date "2023.12.12"]
[Round "10"]
[White "Aalto, Patrik"]
[Black "Tarasova, Viktoriya"]
[Result "1/2-1/2"]
[WhiteElo "2236"]
[BlackElo "2226"]
[PlyCount "85"]
[EventDate "2023.12.12"]
[EventType "swiss (blitz)"]
[EventRounds "11"]
[EventCountry "USA"]
[SourceTitle "CB51_2023"]
[SourceDate "2023.12.20"]
[SourceVersion "1"]
[SourceVersionDate "2023.12.20"]
[SourceQuality "1"]

1. c4 e5 2. Nc3 Nf6 3. g3 Bb4 4. Bg2 0-0 5. Qb3 a5 6. a3 Bc5 7. e3 c6 8. Nge2 Re8 9. 0-0 e4 10. Qc2 d6 11. Nxe4 Nxe4 12. Bxe4 h6 13. d4 Ba7 14. b3 Nd7 15. Bb2 Nf6 16. Bg2 Bg4 17. h3 Bd7 18. Kh2 Qc8 19. c5 Bf5 20. Qc1 d5 21. Nf4 Be4 22. Qd1 g5 23. Nd3 Bxg2 24. Kxg2 Qe6 25. Ne5 Bb8 26. f4 gxf4 27. exf4 Ne4 28. Qe2 f5 29. Kh2 Kh7 30. g4 Rg8 31. Rg1 Bc7 32. Raf1 Raf8 33. Bc1 Bxe5 34. fxe5 fxg4 35. Rxg4 Rxf1 36. Qxf1 Rxg4 37. hxg4 Qxg4 38. Qf7+ Qg7 39. Qf5+ Qg6 40. Qd7+ Qg7 41. Qf5+ Qg6 42. Qd7+ Qg7 43. Qf5+ 1/2-1/2

[Event "Titled Tuesday intern op 12th Dec Early"]
[Site "Chess.com INT"]
[Date "2023.12.12"]
[Round "11"]
[White "La Villa Rivas, Marlon Javier"]
[Black "Aalto, Patrik"]
[Result "1/2-1/2"]
[WhiteElo "2202"]
[BlackElo "2236"]
[PlyCount "135"]
[EventDate "2023.12.12"]
[EventType "swiss (blitz)"]
[EventRounds "11"]
[EventCountry "USA"]
[SourceTitle "CB51_2023"]
[SourceDate "2023.12.20"]
[SourceVersion "1"]
[SourceVersionDate "2023.12.20"]
[SourceQuality "1"]

1. e4 c5 2. Nf3 e6 3. d4 cxd4 4. Nxd4 Nc6 5. Nc3 Qc7 6. Be2 a6 7. Be3 Nf6 8. 0-0 Be7 9. f4 d6 10. Kh1 0-0 11. Qe1 Nxd4 12. Bxd4 b5 13. e5 dxe5 14. Bxe5 Qb6 15. Bd3 Bb7 16. Qh4 h6 17. Rae1 b4 18. Ne2 Qc6 19. Qh3 Nd5 20. Nd4 Qd7 21. f5 exf5 22. Bxf5 Qd8 23. Qg3 Bf6 24. Bd3 Bxe5 25. Rxe5 Qc7 26. Nf5 g6 27. Nxh6+ Kg7 28. Nf5+ Kg8 29. Qh4 Qxe5 30. Re1 Qf6 31. Nh6+ Kg7 32. Qh3 Rh8 33. Qd7 Rxh6 34. Qxb7 Rah8 35. h3 Rxh3+ 36. gxh3 Rxh3+ 37. Kg1 Qg5+ 38. Kf1 Rf3+ 39. Ke2 Re3+ 40. Kd1 Qg4+ 41. Be2 Rxe2 42. Rxe2 Nf4 43. Qxa6 Nxe2 44. Qxe2 Qd4+ 45. Kc1 Qg1+ 46. Kd2 Qd4+ 47. Kc1 Qg1+ 48. Qd1 Qxd1+ 49. Kxd1 g5 50. a4 bxa3 51. bxa3 Kf6 52. Ke2 Ke5 53. Kf3 Kd5 54. Kg4 f6 55. Kf5 Kc5 56. c3 Kc4 57. a4 Kc5 58. Kg4 Kc4 59. Kf5 Kc5 60. Ke4 Kb6 61. c4 Kc5 62. a5 g4 63. Kf4 f5 64. Kg3 Kc6 65. Kf4 Kc5 66. Kg3 Kc6 67. Kh4 Kc5 68. Kg3 1/2-1/2

[Event "Titled Tuesday intern op 26th Sep Early"]
[Site "Chess.com INT"]
[Date "2023.09.26"]
[Round "5"]
[White "Aalto, Patrik"]
[Black "Hoang, Thi Bao Tram"]
[Result "1-0"]
[WhiteElo "2209"]
[BlackElo "2266"]
[PlyCount "59"]
[EventDate "2023.09.26"]
[EventType "swiss (blitz)"]
[EventRounds "11"]
[EventCountry "USA"]
[SourceTitle "EXT 2024"]
[Source "ChessBase"]
[SourceDate "2023.10.10"]
[SourceVersion "1"]
[SourceVersionDate "2023.10.10"]
[SourceQuality "1"]

1. c4 c6 2. Nc3 d5 3. e3 Nf6 4. Nf3 a6 5. b3 Bf5 6. Bb2 e6 7. d4 Nbd7 8. Bd3 Bg4 9. h3 Bh5 10. g4 Bg6 11. Qc2 b5 12. c5 b4 13. Na4 Qb8 14. 0-0-0 Bxd3 15. Qxd3 Ne4 16. Qc2 Be7 17. h4 h5 18. g5 Bd8 19. Rdf1 Bc7 20. Nd2 f5 21. Nxe4 fxe4 22. f3 exf3 23. Qg6+ Kd8 24. Rxf3 Re8 25. Qxg7 e5 26. Rf7 Qc8 27. dxe5 Rxe5 28. Bxe5 Bxe5 29. Rxd7+ Qxd7 30. Qxd7+ 1-0

[Event "Titled Tuesday intern op 26th Sep Early"]
[Site "Chess.com INT"]
[Date "2023.09.26"]
[Round "1"]
[White "Ozen, Bahadir"]
[Black "Aalto, Patrik"]
[Result "1-0"]
[WhiteElo "2357"]
[BlackElo "2209"]
[PlyCount "57"]
[EventDate "2023.09.26"]
[EventType "swiss (blitz)"]
[EventRounds "11"]
[EventCountry "USA"]
[SourceTitle "EXT 2024"]
[Source "ChessBase"]
[SourceDate "2023.10.10"]
[SourceVersion "1"]
[SourceVersionDate "2023.10.10"]
[SourceQuality "1"]

1. g3 e5 2. Bg2 d5 3. d3 Nf6 4. Nf3 Nc6 5. 0-0 Be7 6. c3 0-0 7. Qc2 h6 8. Nbd2 Be6 9. b4 Bd6 10. Bb2 Ne7 11. c4 Bxb4 12. Bxe5 c6 13. Rfb1 Bxd2 14. Nxd2 Nd7 15. Bb2 Rc8 16. Qc3 Nf6 17. c5 b5 18. a4 a6 19. axb5 axb5 20. Nf3 Ng6 21. Nd4 Qd7 22. f3 Ra8 23. e4 Rfd8 24. Rd1 h5 25. Nxe6 fxe6 26. Bh3 Qf7 27. Kg2 e5 28. Qb3 d4 29. Be6 1-0

[Event "Titled Tuesday intern op 26th Sep Early"]
[Site "Chess.com INT"]
[Date "2023.09.26"]
[Round "4"]
[White "Ramadoss, Ashokkumar"]
[Black "Aalto, Patrik"]
[Result "0-1"]
[WhiteElo "2110"]
[BlackElo "2209"]
[PlyCount "82"]
[EventDate "2023.09.26"]
[EventType "swiss (blitz)"]
[EventRounds "11"]
[EventCountry "USA"]
[SourceTitle "EXT 2024"]
[Source "ChessBase"]
[SourceDate "2023.10.10"]
[SourceVersion "1"]
[SourceVersionDate "2023.10.10"]
[SourceQuality "1"]

1. Nf3 d5 2. c4 d4 3. d3 Nc6 4. g3 e5 5. Bg2 Nf6 6. 0-0 Bc5 7. b3 0-0 8. Ba3 Bxa3 9. Nxa3 Qe7 10. Nc2 h6 11. a3 a5 12. Qd2 Bf5 13. b4 axb4 14. axb4 Qe6 15. b5 Ne7 16. Qb4 c6 17. Qc5 Nd7 18. Qb4 c5 19. Qb2 e4 20. Nfe1 b6 21. f3 e3 22. f4 Rxa1 23. Qxa1 Bh3 24. Nf3 Bxg2 25. Kxg2 Nf6 26. Qa7 Ng4 27. Ra1 Nf2 28. Ng1 Ng6 29. h3 h5 30. Qb7 h4 31. Qf3 hxg3 32. Qxg3 Qf5 33. Kf3 Ne5+ 34. Kg2 Ng6 35. Kf3 Ne5+ 36. Kg2 Nexd3 37. exd3 Qxd3 38. Ne1 Qxc4 39. Nef3 Qd5 40. Kh2 d3 41. Ng5 Qh1# 0-1

[Event "Speed Chess Q2 Sw"]
[Site "Chess.com INT"]
[Date "2023.08.23"]
[Round "3"]
[White "Aalto, Patrik"]
[Black "Frolyanov, Dmitry"]
[Result "1-0"]
[WhiteElo "2209"]
[BlackElo "2485"]
[PlyCount "105"]
[EventDate "2023.08.23"]
[EventType "swiss (blitz)"]
[EventRounds "14"]
[EventCountry "USA"]
[SourceTitle "CBM 215 Extra"]
[Source "ChessBase"]
[SourceDate "2023.09.30"]
[SourceVersion "1"]
[SourceVersionDate "2023.09.30"]
[SourceQuality "1"]

1. c4 e6 2. Nc3 d5 3. e3 c6 4. b3 Nf6 5. Bb2 Nbd7 6. d4 Bd6 7. Bd3 0-0 8. Nf3 e5 9. dxe5 Nxe5 10. Nxe5 Bxe5 11. Qc2 Bg4 12. f3 Bh5 13. 0-0-0 Qa5 14. Kb1 Bg6 15. Bxg6 hxg6 16. cxd5 cxd5 17. Ne2 Bxb2 18. Qxb2 Rfe8 19. Qd4 Rac8 20. Nf4 Rc6 21. Nxd5 Nxd5 22. Qxd5 Qa3 23. Qd2 a5 24. e4 a4 25. Qb2 Qe7 26. b4 Rc4 27. a3 Qe6 28. Rc1 Rec8 29. Rxc4 Qxc4 30. Rc1 Qd3+ 31. Ka2 Rd8 32. Rc3 Qf1 33. Rc1 Qa6 34. Qc2 Qe6+ 35. Ka1 Qe5+ 36. Ka2 Qxh2 37. Qc7 Qxg2+ 38. Rc2 Qg5 39. Qxb7 Qe5 40. Qc7 Qe6+ 41. Qc4 Qf6 42. b5 g5 43. Qc3 Qe6+ 44. Qc4 Qe5 45. b6 Rd1 46. Rb2 Qf4 47. b7 Rd8 48. Qc8 Qd6 49. Qxd8+ Qxd8 50. b8Q Qxb8 51. Rxb8+ Kh7 52. Rb4 Kg6 53. Rxa4 1-0

[Event "Speed Chess Q2 Sw"]
[Site "Chess.com INT"]
[Date "2023.08.23"]
[Round "7"]
[White "Aalto, Patrik"]
[Black "Goltseva, Ekaterina"]
[Result "1-0"]
[WhiteElo "2209"]
[BlackElo "2309"]
[PlyCount "41"]
[EventDate "2023.08.23"]
[EventType "swiss (blitz)"]
[EventRounds "14"]
[EventCountry "USA"]
[SourceTitle "CBM 215 Extra"]
[Source "ChessBase"]
[SourceDate "2023.09.30"]
[SourceVersion "1"]
[SourceVersionDate "2023.09.30"]
[SourceQuality "1"]

1. c4 e5 2. Nc3 Nf6 3. g3 d5 4. cxd5 Nxd5 5. Bg2 Nxc3 6. bxc3 Nc6 7. d3 Bc5 8. Nf3 0-0 9. 0-0 Be6 10. e3 Bg4 11. h3 Bh5 12. Qc2 Bg6 13. e4 f5 14. Nh4 Kh8 15. exf5 Bxf5 16. Nxf5 Rxf5 17. d4 Nxd4 18. cxd4 Bxd4 19. Qxf5 Bxa1 20. Bg5 Qd4 21. Be4 1-0

[Event "Speed Chess Q2 Sw"]
[Site "Chess.com INT"]
[Date "2023.08.23"]
[Round "5"]
[White "Aalto, Patrik"]
[Black "Kleiman, Jake"]
[Result "0-1"]
[WhiteElo "2209"]
[BlackElo "2399"]
[PlyCount "94"]
[EventDate "2023.08.23"]
[EventType "swiss (blitz)"]
[EventRounds "14"]
[EventCountry "USA"]
[SourceTitle "CBM 215 Extra"]
[Source "ChessBase"]
[SourceDate "2023.09.30"]
[SourceVersion "1"]
[SourceVersionDate "2023.09.30"]
[SourceQuality "1"]

1. d4 Nf6 2. c4 e6 3. g3 Bb4+ 4. Bd2 Bxd2+ 5. Qxd2 0-0 6. Nc3 d5 7. Bg2 c6 8. cxd5 exd5 9. Nf3 Re8 10. 0-0 Bf5 11. Ne5 Nbd7 12. Nxd7 Qxd7 13. e3 Bh3 14. b4 h5 15. Qd1 h4 16. Bxh3 Qxh3 17. Qf3 hxg3 18. hxg3 Re6 19. Ne2 g5 20. Qg2 Qf5 21. Rae1 Kg7 22. Nc3 Rae8 23. b5 Ng4 24. bxc6 bxc6 25. e4 dxe4 26. Re2 Qf3 27. Qxf3 exf3 28. Rxe6 Rxe6 29. d5 cxd5 30. Nxd5 Re2 31. a4 Ra2 32. Ne7 Rxa4 33. Nf5+ Kg6 34. Nd6 a5 35. Rb1 Rb4 36. Ra1 a4 37. Kf1 Kf6 38. Ke1 Ke6 39. Ne8 f5 40. Ng7+ Ke5 41. Nh5 Re4+ 42. Kd2 Nxf2 43. Rf1 Re2+ 44. Kc3 a3 45. g4 fxg4 46. Ng3 Ne4+ 47. Kb3 Nxg3 0-1

[Event "Titled Tuesday intern op 15th Aug Early"]
[Site "Chess.com INT"]
[Date "2023.08.15"]
[Round "5"]
[White "Aalto, Patrik"]
[Black "Mirzanurov, Bulat"]
[Result "1-0"]
[WhiteElo "2209"]
[BlackElo "2232"]
[PlyCount "149"]
[EventDate "2023.08.15"]
[EventType "swiss (blitz)"]
[EventRounds "11"]
[EventCountry "USA"]
[SourceTitle "EXT 2024"]
[Source "ChessBase"]
[SourceDate "2023.10.10"]
[SourceVersion "1"]
[SourceVersionDate "2023.10.10"]
[SourceQuality "1"]

1. e4 c5 2. a3 e5 3. Nf3 Nc6 4. Bb5 d6 5. Nc3 Nge7 6. 0-0 g6 7. d3 Bg7 8. Nd5 0-0 9. Bg5 f6 10. Bc4 Kh8 11. Bh4 Rb8 12. c3 b5 13. Ba2 Nxd5 14. Bxd5 Ne7 15. Ba2 Bb7 16. Qe2 Qd7 17. d4 c4 18. b3 cxb3 19. Bxb3 g5 20. Bg3 Qc6 21. dxe5 dxe5 22. Nd2 Qxc3 23. Rac1 Qd4 24. Rfd1 Rfd8 25. Kh1 Ng6 26. f3 Qb6 27. Nf1 Nf4 28. Qc2 Rxd1 29. Rxd1 Rc8 30. Qb2 Qc5 31. Bf2 Qc3 32. Qxc3 Rxc3 33. Rd8+ Bf8 34. Rxf8+ Kg7 35. Rf7+ Kg6 36. Rxb7 Rxb3 37. h3 Rxa3 38. Ng3 Ra2 39. Nf5 Ne6 40. Be3 Re2 41. Kh2 Rb2 42. Rxa7 b4 43. Rb7 b3 44. Rb6 Nf4 45. Bxf4 gxf4 46. Rb7 Rb1 47. Rg7+ Kh5 48. Rxh7+ Kg6 49. Rg7+ Kh5 50. Rb7 b2 51. Ng7+ Kg6 52. Nf5 Kh5 53. h4 Kg6 54. Rg7+ Kh5 55. Rh7+ Kg6 56. Rg7+ Kh5 57. Rb7 Kg6 58. Nd6 Kh5 59. Nc4 Kxh4 60. Rxb2 Rc1 61. Nd6 Rc6 62. Nf5+ Kg5 63. Rb7 Kg6 64. Rg7+ Kh5 65. Rf7 Kg6 66. Ne7+ Kxf7 67. Nxc6 Ke6 68. Nb4 f5 69. Kg1 fxe4 70. fxe4 Kd6 71. Kf2 Kc5 72. Nd5 Kd4 73. Kf3 Kd3 74. Nf6 Kd4 75. Ng4 1-0

[Event "Titled Tuesday intern op 15th Aug Late"]
[Site "Chess.com INT"]
[Date "2023.08.15"]
[Round "6"]
[White "Fernandez Bustamante, Leancy B"]
[Black "Aalto, Patrik"]
[Result "0-1"]
[WhiteElo "2059"]
[BlackElo "2209"]
[PlyCount "38"]
[EventDate "2023.08.15"]
[EventType "swiss (blitz)"]
[EventRounds "11"]
[EventCountry "USA"]
[SourceTitle "EXT 2024"]
[Source "ChessBase"]
[SourceDate "2023.10.10"]
[SourceVersion "1"]
[SourceVersionDate "2023.10.10"]
[SourceQuality "1"]

1. e4 d6 2. d4 Nf6 3. Nc3 Nbd7 4. Nf3 e5 5. Be2 Be7 6. Bg5 c6 7. Qd2 h6 8. Bh4 Qc7 9. 0-0-0 0-0 10. g4 exd4 11. Nxd4 Nc5 12. Bxf6 Bxf6 13. Nf5 Bxf5 14. gxf5 Bxc3 15. Qxc3 Nxe4 16. Qd4 d5 17. Rhg1 f6 18. Kb1 Qb6 19. Qa4 Nc3+ 0-1

[Event "Titled Tuesday intern op 15th Aug Late"]
[Site "Chess.com INT"]
[Date "2023.08.15"]
[Round "4"]
[White "Sargsyan, Anna M"]
[Black "Aalto, Patrik"]
[Result "1-0"]
[WhiteElo "2354"]
[BlackElo "2209"]
[PlyCount "75"]
[EventDate "2023.08.15"]
[EventType "swiss (blitz)"]
[EventRounds "11"]
[EventCountry "USA"]
[SourceTitle "EXT 2024"]
[Source "ChessBase"]
[SourceDate "2023.10.10"]
[SourceVersion "1"]
[SourceVersionDate "2023.10.10"]
[SourceQuality "1"]

1. e4 c5 2. Nf3 e6 3. d4 cxd4 4. Nxd4 Nc6 5. Nc3 Qc7 6. Be3 a6 7. Be2 Nf6 8. Nxc6 bxc6 9. 0-0 Rb8 10. Rb1 d5 11. f4 dxe4 12. Bd4 Be7 13. Kh1 Qd8 14. Be5 Qxd1 15. Rfxd1 Ra8 16. Bxf6 Bxf6 17. Nxe4 Ke7 18. Nc5 a5 19. Bf3 Rb8 20. b3 Rb6 21. Na4 Ra6 22. c4 Rd8 23. g4 g5 24. fxg5 Bxg5 25. Rxd8 Kxd8 26. Rd1+ Ke7 27. Kg2 e5 28. h3 Be6 29. Be4 h6 30. Kf3 Bf4 31. h4 f6 32. Bf5 Ra7 33. Nc5 Bf7 34. h5 Be8 35. Na4 Rc7 36. c5 Rb7 37. Rd6 e4+ 38. Kxf4 1-0

[Event "Titled Tuesday intern op 08th Aug Late"]
[Site "Chess.com INT"]
[Date "2023.08.08"]
[Round "7"]
[White "Aalto, Patrik"]
[Black "Deng, Henry"]
[Result "0-1"]
[WhiteElo "2209"]
[BlackElo "2308"]
[PlyCount "46"]
[EventDate "2023.08.08"]
[EventType "swiss (blitz)"]
[EventRounds "11"]
[EventCountry "USA"]
[SourceTitle "EXT 2024"]
[Source "ChessBase"]
[SourceDate "2023.10.10"]
[SourceVersion "1"]
[SourceVersionDate "2023.10.10"]
[SourceQuality "1"]

1. c4 c6 2. d4 d5 3. c5 e5 4. e3 exd4 5. exd4 b6 6. cxb6 axb6 7. Nf3 Nf6 8. Be2 Be7 9. 0-0 0-0 10. Nc3 Bf5 11. Bf4 h6 12. h3 Nbd7 13. Ne5 Nxe5 14. Bxe5 Nd7 15. Bh2 Re8 16. Bd3 Be6 17. Re1 Bf6 18. Bc2 g6 19. Bf4 Bg7 20. Qd2 Kh7 21. h4 h5 22. b4 Qxh4 23. Bg3 Qxd4 0-1

[Event "Titled Tuesday intern op 01st Aug Late"]
[Site "Chess.com INT"]
[Date "2023.08.01"]
[Round "1"]
[White "Aalto, Patrik"]
[Black "Wu, Derek"]
[Result "1/2-1/2"]
[WhiteElo "2209"]
[BlackElo "2171"]
[PlyCount "125"]
[EventDate "2023.08.01"]
[EventType "swiss (blitz)"]
[EventRounds "11"]
[EventCountry "USA"]
[SourceTitle "EXT 2024"]
[Source "ChessBase"]
[SourceDate "2023.10.10"]
[SourceVersion "1"]
[SourceVersionDate "2023.10.10"]
[SourceQuality "1"]

1. Nf3 d5 2. e3 Bg4 3. d4 e6 4. c4 Nf6 5. Nc3 c6 6. h3 Bh5 7. b3 Bb4 8. Bd2 0-0 9. a3 Bd6 10. Be2 Nbd7 11. 0-0 Re8 12. Qc2 Qe7 13. e4 Bg6 14. Bd3 dxc4 15. bxc4 e5 16. d5 Nc5 17. Nh4 Rac8 18. Nxg6 hxg6 19. Rfe1 cxd5 20. cxd5 Nxd3 21. Qxd3 Bc5 22. Be3 Nh5 23. Bxc5 Rxc5 24. d6 Qd7 25. Rad1 Nf4 26. Qe3 Rec8 27. Nd5 Qxd6 28. Nxf4 exf4 29. Rxd6 fxe3 30. Rxe3 Rc3 31. Rdd3 Rxd3 32. Rxd3 g5 33. Rd7 Rc3 34. Rxb7 Rxa3 35. g3 f6 36. Kg2 Kh7 37. Rc7 Kg6 38. Rb7 Ra4 39. Rc7 a6 40. Ra7 Ra2 41. Kf3 a5 42. Ra6 a4 43. e5 a3 44. e6 Ra1 45. e7 Kf7 46. Ra7 a2 47. Kg2 Ke8 48. Kf3 g6 49. Kg2 f5 50. h4 gxh4 51. gxh4 f4 52. Kf3 Kf7 53. Kxf4 Rh1 54. Rxa2 Rxh4+ 55. Kg3 Re4 56. Ra7 Rxe7 57. Rxe7+ Kxe7 58. Kg4 Kf6 59. Kf4 Kf7 60. Kg5 Kg7 61. f4 Kf7 62. f5 gxf5 63. Kxf5 1/2-1/2

[Event "Heart of Finland op 31st"]
[Site "Jyvaskyla"]
[Date "2023.07.21"]
[Round "7"]
[White "Koykka, Pekka"]
[Black "Aalto, Patrik"]
[Result "1-0"]
[WhiteElo "2332"]
[BlackElo "2205"]
[PlyCount "75"]
[EventDate "2023.07.17"]
[EventType "swiss"]
[EventRounds "9"]
[EventCountry "FIN"]
[SourceTitle "CBM 215 Extra"]
[Source "ChessBase"]
[SourceDate "2023.09.30"]
[SourceVersion "1"]
[SourceVersionDate "2023.09.30"]
[SourceQuality "1"]

1. d4 Nf6 2. c4 e6 3. Nc3 Bb4 4. Nf3 b6 5. e3 Bb7 6. Bd3 0-0 7. 0-0 d5 8. cxd5 exd5 9. a3 Bd6 10. b4 Nbd7 11. Qb3 a6 12. a4 Qe7 13. Rb1 h6 14. Re1 Rfb8 15. Nh4 Qd8 16. Nf5 Bf8 17. b5 g6 18. Ng3 c5 19. bxc6 Bxc6 20. e4 Nxe4 21. Ngxe4 dxe4 22. Bc4 Qe8 23. Bf4 b5 24. axb5 axb5 25. Nxb5 Rb7 26. Qg3 Kh7 27. Nc7 Rxc7 28. Bxc7 f5 29. Qb3 Nf6 30. Be5 Bg7 31. Rec1 Qe7 32. Qb6 Bd7 33. Qb7 Re8 34. Ra1 Ng4 35. Ra7 Qh4 36. Qxd7 Qxf2+ 37. Kh1 Qg1+ 38. Kxg1 1-0

[Event "Heart of Finland op 31st"]
[Site "Jyvaskyla"]
[Date "2023.07.19"]
[Round "4"]
[White "Aalto, Patrik"]
[Black "Nyysti, Sampsa"]
[Result "1/2-1/2"]
[WhiteElo "2205"]
[BlackElo "2333"]
[PlyCount "87"]
[EventDate "2023.07.17"]
[EventType "swiss"]
[EventRounds "9"]
[EventCountry "FIN"]
[SourceTitle "CBM 215 Extra"]
[Source "ChessBase"]
[SourceDate "2023.09.30"]
[SourceVersion "1"]
[SourceVersionDate "2023.09.30"]
[SourceQuality "1"]

1. c4 e6 2. Nc3 Bb4 3. e3 Bxc3 4. bxc3 d6 5. d4 e5 6. Bd3 f5 7. Ne2 Nf6 8. 0-0 c5 9. a4 Nc6 10. a5 Qc7 11. Qa4 Bd7 12. Qa3 Nd8 13. Bd2 0-0 14. f4 e4 15. Bc2 Nf7 16. d5 Rad8 17. Rfb1 Kh8 18. Be1 h6 19. Bg3 Rg8 20. Rf1 Bc8 21. Qc1 Rdf8 22. Kh1 Qe7 23. Qd2 g5 24. Bb3 Rg6 25. Rg1 Nh5 26. Bf2 gxf4 27. Nxf4 Nxf4 28. exf4 h5 29. Bd1 h4 30. Qe1 Rh6 31. Ra2 Kh7 32. Be3 Rg8 33. Bf2 Nh8 34. Qe3 Ng6 35. Be2 Nf8 36. Raa1 Nd7 37. g4 hxg3 38. Rxg3 Rxg3 39. Qxg3 Nf6 40. Rg1 Ng4 41. Bxg4 fxg4 42. f5 Bxf5 43. Qf4 Kg6 44. Be3 1/2-1/2

[Event "Titled Tuesday intern op 11th Jul Early"]
[Site "Chess.com INT"]
[Date "2023.07.11"]
[Round "1"]
[White "Aalto, Patrik"]
[Black "Timerkhanov, Alexander"]
[Result "0-1"]
[WhiteElo "2205"]
[BlackElo "2357"]
[PlyCount "82"]
[EventDate "2023.07.11"]
[EventType "swiss (blitz)"]
[EventRounds "11"]
[EventCountry "USA"]
[SourceTitle "EXT 2024"]
[Source "ChessBase"]
[SourceDate "2023.10.10"]
[SourceVersion "1"]
[SourceVersionDate "2023.10.10"]
[SourceQuality "1"]

1. Nf3 d5 2. g3 Bg4 3. Bg2 e6 4. d4 c6 5. 0-0 Nd7 6. h3 Bh5 7. c4 Ngf6 8. Qb3 Qb6 9. c5 Qxb3 10. axb3 a6 11. Nc3 Ne4 12. g4 Bg6 13. Bf4 f6 14. b4 h5 15. e3 hxg4 16. hxg4 Rc8 17. Nxe4 Bxe4 18. Nd2 Bd3 19. Rfe1 e5 20. Bg3 Kf7 21. e4 dxe4 22. dxe5 Nxe5 23. Bxe5 fxe5 24. Bxe4 Bb5 25. Nf3 Be7 26. Nxe5+ Kf6 27. Bf5 Rce8 28. Nd7+ Kg5 29. Kg2 Bc4 30. Kg3 g6 31. f4+ Kh6 32. Bc2 Kg7 33. Ne5 Bh4+ 34. Kg2 Bd5+ 35. Be4 Bxe1 36. Rxe1 Bxe4+ 37. Rxe4 Re7 38. Rd4 g5 39. Kg3 gxf4+ 40. Kxf4 Rf8+ 41. Ke4 Rfe8 0-1

[Event "Titled Tuesday intern op 11th Jul Early"]
[Site "Chess.com INT"]
[Date "2023.07.11"]
[Round "5"]
[White "Levine, David M"]
[Black "Aalto, Patrik"]
[Result "0-1"]
[WhiteElo "2040"]
[BlackElo "2205"]
[PlyCount "64"]
[EventDate "2023.07.11"]
[EventType "swiss (blitz)"]
[EventRounds "11"]
[EventCountry "USA"]
[SourceTitle "EXT 2024"]
[Source "ChessBase"]
[SourceDate "2023.10.10"]
[SourceVersion "1"]
[SourceVersionDate "2023.10.10"]
[SourceQuality "1"]

1. d4 Nf6 2. c4 e6 3. g3 c5 4. d5 exd5 5. cxd5 b5 6. e4 Nxe4 7. Bg2 Nd6 8. Nf3 Be7 9. 0-0 0-0 10. Bf4 Bb7 11. a4 b4 12. a5 Na6 13. Re1 Nc7 14. Ne5 Re8 15. Qd3 Ba6 16. Qf3 Bf6 17. Nd2 Bb7 18. Qd3 g5 19. Nxf7 Nxf7 20. Bxc7 Qxc7 21. d6 Nxd6 22. Bxb7 Nxb7 23. Qf5 Rf8 24. Ne4 Qe5 25. Qxd7 Rab8 26. a6 Nd8 27. Qxa7 Nf7 28. Nxf6+ Qxf6 29. Re7 Ra8 30. Qb7 Ne5 31. Rf1 g4 32. Rxh7 Nf3+ 0-1